| 000 | 00752nam a2200253Ia 4500 | ||
|---|---|---|---|
| 003 | OSt | ||
| 005 | 20180816142351.0 | ||
| 008 | 850422s2010 enka 001 0 eng d | ||
| 020 | _a9788173716713 | ||
| 040 |
_aMu_ed _cEUW _beng |
||
| 082 |
_221 _a612 _bPGT |
||
| 096 |
_aQT4 _b1905 _fB39p |
||
| 100 | 1 |
_aPal, G K _964197 |
|
| 245 | 0 | 0 |
_aTextbook of Practical Physiology / _cG K Pal, Pravati PaL. |
| 250 | _a3rd ed | ||
| 260 |
_aNew Delhi: _bUniversities Press , _c2010 |
||
| 300 |
_axiv, 436 p. : _bill. ; _c28 cm |
||
| 500 | _aIncludes index | ||
| 650 | 2 |
_aPhysiology _xlaboratory manuals _964198 |
|
| 650 | 0 |
_aPhysiology _xLaboratory manuals _964199 |
|
| 650 | 0 |
_aPhysiology, Experimental _910609 |
|
| 700 |
_aPaL, Pravati _964200 |
||
| 942 | _cBOOK | ||
| 999 |
_c42589 _d312209 |
||